Cite os 20 maiores clássicos do futebol - mundialmente - Statistics

Estatísticas Gerais
  • Esse quiz foi jogado 155 vezes
  • A pontuação média é 4 de 20
Estatísticas das Respostas
Hint Resposta % Correto
Primeiro derbi Barcelona - Real Madrid
87%
Boca Juniors - River Plate
48%
Corinthians - Palmeiras
46%
Celtic - Rangers
43%
Manchester City - Manchester United
33%
Benfica - Porto
31%
Inter - Milan
28%
Lazio - Roma
14%
Arsenal - Tottenham
13%
Everton - Liverpool
13%
Fenerbahçe - Galatasaray
13%
Ajax - Feyenoord
12%
Manchester United - Liverpool
11%
Atlético Madrid - Real Madrid
9%
Marseille - PSG
5%
Bayern München - Borussia Dortmund
4%
Olympiakos - Panathinaikos
2%
Partizan - Red Star
1%
Anderlecht - Standard
0%
Millwall - West Ham United
0%
Nenhum quiz correspondente encontrado
Distribuição das Pontuações
Porcentagem de Pessoas com Cada Pontuação
Percentil de Números Respondidos
Sua Pontuação Histórica
Você não jogou esse quiz